01325 a2200277 4500003000500000005001700005010001700022020004000039020003600079020004500115020004300160020003900203020004800242035002400290040000900314082001400323100003000337245006700367260003400434300004300468505046200511650001300973651001300986700002600999700002201025Nust20170207154049.0 a 2009929415 a0387730028 (hbk. : acid-free paper) a0387730036 (electronic version) a0387730044 (print and electronic bundle) a9780387730028 (hbk. : acid-free paper) a9780387730035 (electronic version) a9780387730042 (print and electronic bundle) a(OCoLC)ocn316434871 cNust04a570.15195 aStan Z. Li, Anil K. Jain.00aEncyclopedia of biometrics (E-Book)cStan Z. Li, Anil K. Jain. aNew York :bSpringer,cc2009. a2 v. (xxxi, 1433 p.) :bill. ;c27 cm.0 aEditorial Board. List of Contributors. Preface. A-Z entries with references.- General Issues. Biometrics. Sensors and Devices. Pattern Recognition. Data Fusion. Performance Evaluation.- Modalities. Face. Fingerprint. Iris. Hand. Vein. Signature. Speaker. Gait. Ear.- Other Modalities. Keystroke, Lip Movement, EEG, Odor, Skull, Teeth, DNA. Sample Synthesis.- Systems and Applications. System Design. Security. Applications. Forensic Science. Standardization 0aBiometry a(E-Book)1 aJain, Anil K.,d1948-1 aLi, S. Z.,d1958-